000 00517nam a2200205Ia 4500
005 20250326145432.0
008 250326s9999 xx 000 0 und d
037 _aTextbook
040 _aFMSL
_beng
_cFMSL
041 _aeng
_2eng
084 _qFMSL
100 _aWeinreich N K
_9751143
245 0 _aHands on social marketing
_cWeinreich N K
250 _a2
260 _aLondon
_bLondon, Sage
_c2011
365 _b5895.1199999999999
650 _aManagement
942 _cTB
999 _c1307570
_d1307570